| 000 | 00631nam a2200181 4500 | ||
|---|---|---|---|
| 001 | 110077 | ||
| 003 | ES-MaACL | ||
| 005 | 20230906184955.0 | ||
| 007 | t| | ||
| 008 | 061121s1964 sp r ||||1| spa d | ||
| 100 | 1 |
_aO'Rahilly, Alfred. _986360 |
|
| 245 | 1 | 0 |
_aMeditaciones evangélicas / _cAlfred O'Rahilly ; prólogo por M.C. D'Arcy S.N. ; [versión española y notas adicionales por Nicolás Nicolau Carrio. |
| 260 |
_aBarcelona : _bJuan Flors ed., _c1964. |
||
| 300 |
_aXVI, 444 p. : _bil ; _c21 cm. |
||
| 700 | 1 |
_aD'Aroy, M.C. _942365 |
|
| 700 | 1 |
_aNicolau Carrio, Nicolás. _985585 |
|
| 852 |
_aES-MaACL _jC-24514 _bR.53388 |
||
| 999 |
_c110077 _d110077 |
||